Arrowverse Characters - Statistics

General Stats
  • This quiz has been taken 128 times
  • The average score is 6 of 8
Answer Stats
hint Answer % Correct
Fastest hero in arrowverse flash
100%
name of time traveling team legends
87%
first villan on the flash reverse flash
83%
first villan on legends Vandal Savage
73%
Name of first team on arrowverse team Arrow
72%
second team name on Arrowverse team flash
66%
first villan on arrow Dark archer
62%
First Hero in Arrowverse the hood
49%
No matching quizzes found
Score Distribution
Percent of People with Each Score
Percentile by Number Answered
Your Score History
You have not taken this quiz